000 00303cam a22001097a 4500
008 180718bNew Delhi xxu||||| |||| 00| 0 eng d
020 _a9789351119173
100 _aSharma, C.H.
245 _aArt of leadership
_cby C.H. Sharma
260 _aNew Delhi
_bRandom publications
_cNew Delhi
300 _a296p.
999 _c445983
_d445983